000 00214 a2200097 4500
001 58247
100 _a
245 _aMulticomponent Diffusion coating
260 _aOxomian
_bNew Delhi
_c1987
090 _c35744
_d35744
942 _aNUST-CAE
_c
_c28607
999 _c293320
_d293320